|
|
|
|
| LEADER |
00000nam a2200000 a 4500 |
| 001 |
vtls001430143 |
| 003 |
SK-MaSNL |
| 005 |
20260302001846.0 |
| 008 |
251113s2000 RU a r rus |
| 020 |
|
|
|a 5935890011
|
| 035 |
|
|
|a SNK000385166
|
| 035 |
|
|
|a urn:nbn:sk:snk-amyaso
|
| 035 |
|
|
|a urn:nbn:sk:snk-am00c776
|
| 035 |
|
|
|a EC6DE738-7C20-4A6D-90C3-F576940C0FDD
|
| 040 |
|
|
|a SNK
|b slo
|c SNK
|e AACR2
|
| 041 |
0 |
|
|a rus
|
| 044 |
|
|
|a RU
|
| 080 |
|
|
|a 882-32
|2 1981
|
| 080 |
|
|
|a 882-93
|2 1981
|
| 100 |
1 |
|
|a Žitkov, Boris Stepanovič
|d 1882-1938
|4 aut
|9 400121
|
| 245 |
1 |
0 |
|a Kak ja lovil čelovečkov
|c Boris Žitkov ; risovala Ira Kirejeva
|
| 260 |
|
|
|a Moskva
|b Avgust
|c 2000
|e Martin
|f Neografija
|
| 300 |
|
|
|a 53 s.
|b fareb. ilustr.
|c 28 cm
|
| 490 |
1 |
|
|a Rasskazy russkich pisatelej
|
| 650 |
0 |
7 |
|a poviedky pre deti, ruské
|2 SNK
|9 66349
|
| 700 |
1 |
|
|a Kirejeva, Ira N.
|4 ill
|9 638422
|
| 830 |
|
0 |
|a Rasskazy russkich pisatelej
|9 396957
|
| 919 |
|
|
|a 5-93589-001-1
|
| 999 |
|
|
|c 985646
|d 987576
|
| 952 |
|
|
|t P60, <03>, [BOOK], {603}
|a SNK
|b SNK
|y PREZ
|7 0
|p 17A0334349
|o snkSB 64631
|i snkKSP 2506/2002
|0 0
|1 0
|4 0
|d 2002-03-06
|f 1
|l 0
|r 2025-04-14 00:00:00
|w 2026-02-24
|